Ecological approach to visual perception (Record no. 33394)

MARC details
000 -LEADER
fixed length control field 00376nam a2200145Ia 4500
082 ## - DEWEY DECIMAL CLASSIFICATION NUMBER
Classification number 581.5
Item number GIB
100 ## - MAIN ENTRY--AUTHOR NAME
Personal name GIBSON, James J
245 #0 - TITLE STATEMENT
Title Ecological approach to visual perception
260 ## - PUBLICATION, DISTRIBUTION, ETC. (IMPRINT)
Place of publication Boston
Name of publisher Houghton Mifflin
Year of publication 1979
650 ## - SUBJECT ADDED ENTRY--TOPICAL TERM
Topical Term Ecology
650 ## - SUBJECT ADDED ENTRY--TOPICAL TERM
Topical Term Environment
650 ## - SUBJECT ADDED ENTRY--TOPICAL TERM
Topical Term Visual perception
942 ## - ADDED ENTRY ELEMENTS (KOHA)
Koha item type Books
Holdings
Withdrawn status Lost status Damaged status Not for loan Home library Current library Date acquired Full call number Accession Number Koha item type
        RRII Library RRII Library 16/12/2021 581.5 GIB 13892 Books